| 000 | 00818nam a22002537a 4500 | ||
|---|---|---|---|
| 003 | CHAP | ||
| 005 | 20220329135054.0 | ||
| 008 | 971013s1908 r 00010 d | ||
| 010 | _a30460 | ||
| 011 | _a31432 | ||
| 035 | _a35544 | ||
| 040 | _cCHAP | ||
| 082 |
_a740 _bM3 |
||
| 245 | _aManual de dibujo lineal para uso de los artesanos con un apéndice que comprende los techos de armadura y los cinco órdenes de armadura y los cinco órdenes de arquitectura | ||
| 250 | _a5 ed. | ||
| 260 |
_aMéxico, D.F. : _bLibrería de la Vda. de Ch. Bouret, _c1908 |
||
| 300 |
_a178 p. _b; láms |
||
| 590 |
_aBATCH-UPD _b10 _c20130110 _lUCH01 _h1540 |
||
| 590 |
_aCONVERSION _b10 _c20130109 _lUCH01 _h1317 |
||
| 650 | 1 | 4 |
_aDibujo. _932443 |
| 901 | _aBK | ||
| 942 | _cLIBRO | ||
| 949 |
_a740 M3 _bBC _cBPP _d-82229 _eBPP _i35544 _si |
||
| 999 |
_c30460 _d30460 |
||